| 000 | 00587nam a22001817a 4500 | ||
|---|---|---|---|
| 999 |
_c146796 _d146796 |
||
| 005 | 20181221122522.0 | ||
| 010 | _aENG-121038 | ||
| 020 |
_c575.00 _a9788121513173 |
||
| 035 | _aEN-104570 | ||
| 037 | _bDBAD/PUB | ||
| 082 | _a250.33 | ||
| 100 | _aOldenberg, Hermann | ||
| 245 |
_aBuddha : _bhis life, his doctrine, his order / _cby Hermann Oldenberg ; translated by Willian Hoey |
||
| 260 |
_aNew Delhi _bMunshiram Manoharlal _c2017 |
||
| 270 |
_aPO Box 5715, 54 Rani Jhansi Road _bNew Delhi _e110055 |
||
| 300 |
_a454p. _c22cm(pbk) |
||
| 942 |
_2ddc _cEN _h250.33 _mOLD |
||